000 00526nam a2200193Ia 4500
005 20250923145657.0
008 008 250917s9999 xx 000 0 eng d
037 _aTextual
040 _aDSWL
_beng
_cDSWL
041 _aeng
_2eng
084 _aJkR, N84
_qDSWL
245 4 _aThe practical gardeners encyclopedia
_c Ed.by P.A.Gemmell
260 _aLondon
_bTreasure Press
_c1977
300 _a256 p.
365 _aGBP
_b8.95
925 _g8.95
942 _cTEXL
_hJkR, N84
999 _c1454243
_d1454243